|
|
|
|
| LEADER |
00000nab a22000001a 4500 |
| 001 |
vtls008997938 |
| 003 |
SK-MaSNL |
| 005 |
20260303065824.0 |
| 008 |
070611d19360912xo |r|p|||| |000 b|slo |
| 015 |
|
|
|a SNBRRBVU1918-1938
|
| 038 |
|
|
|a SNKBUCL
|
| 038 |
|
|
|a SNKBUVU
|
| 040 |
|
|
|a SNKBUVU
|b slo
|c SNKBUCL
|e AACR2
|
| 041 |
0 |
|
|a slo
|
| 044 |
|
|
|a xo
|c SK
|
| 080 |
|
|
|a 75.071.1
|2 1997
|
| 080 |
|
|
|a 929 Číla, Otakar
|2 1997
|
| 245 |
0 |
0 |
|a Akademický maliar Otokar Čila v Treč. Tepliciach pri práci
|
| 500 |
|
|
|a Číla, Otakar - čes. maliar ( nar. 10.3.1894 Nová Paka - 28.3.1977 Nová Paka)
|
| 600 |
1 |
7 |
|a Číla, Otakar
|d 1984-1977
|2 MM
|9 1066401
|
| 655 |
|
7 |
|a fotografie
|2 MM
|9 70713
|
| 773 |
0 |
|
|t Nový svet
|g Roč. 11, č. 37 (12.9.1936), s. 4
|
| 852 |
|
|
|a SNK
|b KIS3GCP
|
| 910 |
|
|
|a snkrbvumm
|
| 958 |
|
|
|a VY
|
| 958 |
|
|
|a BC
|
| 958 |
|
|
|a CZ
|
| 999 |
|
|
|c 1752877
|d 1754807
|